08368 2203121 4500001002100000005001500021035002000036007000300056008004100059082001200100084001200112245010200124250002100226260004800247300003800295650001700333040001200350090001400362500003800376850001200414041000800426505049200434990001800926990001800944990001800962990001800980990001800998990001801016990001801034990001801052990001801070990001801088990001801106990001801124990001801142990001801160990001801178990001801196990001801214990001801232990001801250990001801268990001801286990001801304990001801322990001801340990001801358990001801376990001801394990001801412990001801430990001801448990001801466990001801484990001801502990001801520990001801538990001801556990001801574990001801592990001801610990001801628990001801646990001801664990001801682990001801700990001801718990001801736990001801754990001801772990001801790990001801808990001801826990001801844990001801862990001801880990001801898990001801916990001801934990001801952990001801970990001801988990001802006990001802024990001802042990001802060990001802078990001802096990001802114990001802132990001802150990001802168990001802186990001802204990001802222990001802240990001802258990001802276990001802294990001802312990001802330990001802348990001802366990001802384990001802402990001802420990001802438990001802456990001802474990001802492990001802510990001802528990001802546990001802564990001802582990001802600990001802618990001802636990001802654990001802672990001802690990001802708990001802726990001802744990001802762990001802780990001802798990001802816990001802834990001802852990001802870990001802888990001802906990001802924990001802942990001802960990001802978990001802996990001803014990001803032990001803050990001803068990001803086990001803104990001803122990001803140990001803158990001803176990001803194990001803212990001803230990001803248990001803266990001803284990001803302990001803320990001803338990001803356990001803374990001803392990001803410990001803428990001803446990001803464990001803482990001803500990001803518990001803536990001803554990001803572990001803590990001803608990001803626990001803644990001803662990001803680990001803698990001803716990001803734990001803752990001803770990001803788990001803806990001803824990001803842990001803860990001803878990001803896990001803914990001803932990001803950990001803968990001803986990001804004990001804022990001804040990001804058990001804076990001804094990001804112990001804130990001804148990001804166990001804184990001804202990001804220990001804238990001804256990001804274990001804292990001804310990001804328990001804346990001804364990001804382990001804400990001804418990001804436990001804454990001804472990001804490990001804508990001804526990001804544990001804562990001804580990001804598990001804616990001804634990001804652990001804670990001804688990001804706990001804724990001804742990001804760990001804778990001804796990001804814990001804832990001804850990001804868990001804886990001804904990001804922990001804940990001804958990001804976990001804994990001805012990001805030990001805048990001805066990001805084990001805102990001805120990001805138990001805156990001805174990001805192990001805210990001805228INLIS00000000081667520180905055714 a0010-0918000109ta180904 0 eng  4223a030 a030 ENC aThe encyclopedia britannica :ba dictionary of arts, sciences, literature and general information aEleventh edition aLondon :bCambridge University Press,c1911 a.... volume :bilustrasi ;c29 cm aEncyclopedia aYOPDYOG aL 030 ENC ayang di terima : eleventh edition aYOPDYOG aeng aTahun 1911, eleventh edition, volume XVIII (Medal to Mumps), XVII (Lord Chamberlain to Mecklenburg), XV (Italy to Kyshtym), XX (Ode to Payment of Members), XIX (Mun to Oddfellows), XXVIII (Vetch to Zymotic Diseases), XVI (L to Lord Advocate), XXII (Poll to Reeves), XXI (Payn to Polka), XXVII (Tonalite to Vesuvius), XXVI (Submarine Mines to Tom-Tom), XXIII (Refectory to Sainte-Beuve), XXIV (Sainte-Claire Deville to Shuttle), XXV (Shuvalov to Subliminal Self), V (Calhoun to Chateaine) a60865-PD/A.18 a60866-PD/A.18 a60867-PD/A.18 a60868-PD/A.18 a60869-PD/A.18 a60870-PD/A.18 a60871-PD/A.18 a60872-PD/A.18 a60873-PD/A.18 a60874-PD/A.18 a60875-PD/A.18 a60876-PD/A.18 a60877-PD/A.18 a60878-PD/A.18 a60879-PD/A.18 a60879-PD/A.18 a60865-PD/A.18 a60866-PD/A.18 a60867-PD/A.18 a60868-PD/A.18 a60869-PD/A.18 a60870-PD/A.18 a60871-PD/A.18 a60872-PD/A.18 a60873-PD/A.18 a60874-PD/A.18 a60875-PD/A.18 a60876-PD/A.18 a60877-PD/A.18 a60878-PD/A.18 a60878-PD/A.18 a60865-PD/A.18 a60866-PD/A.18 a60867-PD/A.18 a60868-PD/A.18 a60869-PD/A.18 a60870-PD/A.18 a60871-PD/A.18 a60872-PD/A.18 a60873-PD/A.18 a60874-PD/A.18 a60875-PD/A.18 a60876-PD/A.18 a60877-PD/A.18 a60879-PD/A.18 a60877-PD/A.18 a60865-PD/A.18 a60866-PD/A.18 a60867-PD/A.18 a60868-PD/A.18 a60869-PD/A.18 a60870-PD/A.18 a60871-PD/A.18 a60872-PD/A.18 a60873-PD/A.18 a60874-PD/A.18 a60875-PD/A.18 a60876-PD/A.18 a60878-PD/A.18 a60879-PD/A.18 a60876-PD/A.18 a60865-PD/A.18 a60866-PD/A.18 a60867-PD/A.18 a60868-PD/A.18 a60869-PD/A.18 a60870-PD/A.18 a60871-PD/A.18 a60872-PD/A.18 a60873-PD/A.18 a60874-PD/A.18 a60875-PD/A.18 a60877-PD/A.18 a60878-PD/A.18 a60879-PD/A.18 a60875-PD/A.18 a60865-PD/A.18 a60866-PD/A.18 a60867-PD/A.18 a60868-PD/A.18 a60869-PD/A.18 a60870-PD/A.18 a60871-PD/A.18 a60872-PD/A.18 a60873-PD/A.18 a60874-PD/A.18 a60876-PD/A.18 a60877-PD/A.18 a60878-PD/A.18 a60879-PD/A.18 a60874-PD/A.18 a60865-PD/A.18 a60866-PD/A.18 a60867-PD/A.18 a60868-PD/A.18 a60869-PD/A.18 a60870-PD/A.18 a60871-PD/A.18 a60872-PD/A.18 a60873-PD/A.18 a60875-PD/A.18 a60876-PD/A.18 a60877-PD/A.18 a60878-PD/A.18 a60879-PD/A.18 a60873-PD/A.18 a60865-PD/A.18 a60866-PD/A.18 a60867-PD/A.18 a60868-PD/A.18 a60869-PD/A.18 a60870-PD/A.18 a60871-PD/A.18 a60872-PD/A.18 a60874-PD/A.18 a60875-PD/A.18 a60876-PD/A.18 a60877-PD/A.18 a60878-PD/A.18 a60879-PD/A.18 a60872-PD/A.18 a60865-PD/A.18 a60866-PD/A.18 a60867-PD/A.18 a60868-PD/A.18 a60869-PD/A.18 a60870-PD/A.18 a60871-PD/A.18 a60873-PD/A.18 a60874-PD/A.18 a60875-PD/A.18 a60876-PD/A.18 a60877-PD/A.18 a60878-PD/A.18 a60879-PD/A.18 a60871-PD/A.18 a60865-PD/A.18 a60866-PD/A.18 a60867-PD/A.18 a60868-PD/A.18 a60869-PD/A.18 a60870-PD/A.18 a60872-PD/A.18 a60873-PD/A.18 a60874-PD/A.18 a60875-PD/A.18 a60876-PD/A.18 a60877-PD/A.18 a60878-PD/A.18 a60879-PD/A.18 a60869-PD/A.18 a60865-PD/A.18 a60866-PD/A.18 a60867-PD/A.18 a60868-PD/A.18 a60870-PD/A.18 a60871-PD/A.18 a60872-PD/A.18 a60873-PD/A.18 a60874-PD/A.18 a60875-PD/A.18 a60876-PD/A.18 a60877-PD/A.18 a60878-PD/A.18 a60879-PD/A.18 a60868-PD/A.18 a60865-PD/A.18 a60866-PD/A.18 a60867-PD/A.18 a60869-PD/A.18 a60870-PD/A.18 a60871-PD/A.18 a60872-PD/A.18 a60873-PD/A.18 a60874-PD/A.18 a60875-PD/A.18 a60876-PD/A.18 a60877-PD/A.18 a60878-PD/A.18 a60879-PD/A.18 a60866-PD/A.18 a60865-PD/A.18 a60867-PD/A.18 a60868-PD/A.18 a60869-PD/A.18 a60870-PD/A.18 a60871-PD/A.18 a60872-PD/A.18 a60873-PD/A.18 a60874-PD/A.18 a60875-PD/A.18 a60876-PD/A.18 a60877-PD/A.18 a60878-PD/A.18 a60879-PD/A.18 a60865-PD/A.18 a60866-PD/A.18 a60867-PD/A.18 a60868-PD/A.18 a60869-PD/A.18 a60870-PD/A.18 a60871-PD/A.18 a60872-PD/A.18 a60873-PD/A.18 a60874-PD/A.18 a60875-PD/A.18 a60876-PD/A.18 a60877-PD/A.18 a60878-PD/A.18 a60879-PD/A.18 a60870-PD/A.18 a60865-PD/A.18 a60866-PD/A.18 a60867-PD/A.18 a60868-PD/A.18 a60869-PD/A.18 a60871-PD/A.18 a60872-PD/A.18 a60873-PD/A.18 a60874-PD/A.18 a60875-PD/A.18 a60876-PD/A.18 a60877-PD/A.18 a60878-PD/A.18 a60879-PD/A.18 a60867-PD/A.18 a60865-PD/A.18 a60866-PD/A.18 a60868-PD/A.18 a60869-PD/A.18 a60870-PD/A.18 a60871-PD/A.18 a60872-PD/A.18 a60873-PD/A.18 a60874-PD/A.18 a60875-PD/A.18 a60876-PD/A.18 a60877-PD/A.18 a60878-PD/A.18 a60879-PD/A.18